| 000 | 00601nam a22002297a 4500 | ||
|---|---|---|---|
| 003 | OSt | ||
| 005 | 20140310182802.0 | ||
| 008 | 130213t xxu||||| |||| 00| 0 eng d | ||
| 020 | _a9789712346699 | ||
| 050 |
_aQD151.2 _b.M632 2004 |
||
| 082 |
_aM 546 _b.M58 2008 |
||
| 245 |
_aInorganic chemistry _cMiessler, Gary L. |
||
| 250 | _a3rd ed. | ||
| 260 |
_aUpper Saddle River, N.J. _b Pearson/Prentice Hal _c2004 |
||
| 300 |
_axiii, c706 p. _c27 cm. |
||
| 521 | _acollege students | ||
| 526 | _c1210L-1700L | ||
| 541 | _j1 | ||
| 541 | _j2 | ||
| 562 | _e2 | ||
| 942 |
_2lcc _cBK _kM |
||
| 999 |
_c16008 _d16008 |
||